<?xml version="1.0" encoding="UTF-8"?>
<record
    xmlns:xsi="http://www.w3.org/2001/XMLSchema-instance"
    xsi:schemaLocation="http://www.loc.gov/MARC21/slim http://www.loc.gov/standards/marcxml/schema/MARC21slim.xsd"
    xmlns="http://www.loc.gov/MARC21/slim">

  <leader>01211nam a22002657a 4500</leader>
  <controlfield tag="005">20170124103207.0</controlfield>
  <datafield tag="010" ind1=" " ind2=" ">
    <subfield code="a">A-707673</subfield>
  </datafield>
  <datafield tag="020" ind1=" " ind2=" ">
    <subfield code="c">275.00</subfield>
  </datafield>
  <datafield tag="035" ind1=" " ind2=" ">
    <subfield code="a">A-707673</subfield>
  </datafield>
  <datafield tag="037" ind1=" " ind2=" ">
    <subfield code="b">Cen Lib/Ret</subfield>
  </datafield>
  <datafield tag="040" ind1=" " ind2=" ">
    <subfield code="a">DPL</subfield>
    <subfield code="b">HN</subfield>
  </datafield>
  <datafield tag="082" ind1=" " ind2=" ">
    <subfield code="a">954.01</subfield>
    <subfield code="b">&#x91C;&#x93E;&#x92F;&#x938;</subfield>
  </datafield>
  <datafield tag="100" ind1=" " ind2=" ">
    <subfield code="a">&#x91C;&#x93E;&#x92F;&#x938;&#x935;&#x93E;&#x932;, &#x938;&#x941;&#x930;&#x947;&#x928;&#x94D;&#x926;&#x94D;&#x930; &#x915;&#x941;&#x92E;&#x93E;&#x930; </subfield>
    <subfield code="9">42777</subfield>
  </datafield>
  <datafield tag="245" ind1=" " ind2=" ">
    <subfield code="a">&#x939;&#x93F;&#x928;&#x94D;&#x926;&#x942;  &#x930;&#x93E;&#x91C;&#x936;&#x93E;&#x938;&#x94D;&#x924;&#x94D;&#x930; /</subfield>
    <subfield code="c">&#x938;&#x941;&#x930;&#x947;&#x928;&#x94D;&#x926;&#x94D;&#x930; &#x915;&#x941;&#x92E;&#x93E;&#x930; &#x91C;&#x93E;&#x92F;&#x938;&#x935;&#x93E;&#x932;</subfield>
  </datafield>
  <datafield tag="246" ind1=" " ind2=" ">
    <subfield code="a">Hindu rajshastra /</subfield>
    <subfield code="b">by Surendra Kumar Jaisawal</subfield>
  </datafield>
  <datafield tag="260" ind1=" " ind2=" ">
    <subfield code="a">&#x926;&#x93F;&#x932;&#x94D;&#x932;&#x940; </subfield>
    <subfield code="b">&#x938;&#x93E;&#x939;&#x93F;&#x924;&#x94D;&#x92F; &#x92A;&#x94D;&#x930;&#x915;&#x93E;&#x936;&#x928; </subfield>
    <subfield code="c">1994</subfield>
  </datafield>
  <datafield tag="270" ind1=" " ind2=" ">
    <subfield code="a">1458, &#x92E;&#x93E;&#x932;&#x940;&#x935;&#x93E;&#x921;&#x93C;&#x93E; </subfield>
    <subfield code="b">&#x926;&#x93F;&#x932;&#x94D;&#x932;&#x940; </subfield>
    <subfield code="e">110006</subfield>
  </datafield>
  <datafield tag="300" ind1=" " ind2=" ">
    <subfield code="a">320&#x92A;&#x943;. </subfield>
    <subfield code="c">21&#x938;&#x947;&#x92E;&#x940;(&#x938;&#x91C;&#x93F;&#x932;&#x94D;&#x926;)</subfield>
  </datafield>
  <datafield tag="500" ind1=" " ind2=" ">
    <subfield code="a">&#x905;&#x928;&#x941;&#x915;&#x94D;&#x930;&#x92E;&#x923;&#x93F;&#x915;&#x93E;  &#x936;&#x93E;&#x92E;&#x93F;&#x932; </subfield>
  </datafield>
  <datafield tag="650" ind1=" " ind2=" ">
    <subfield code="a">&#x92A;&#x94D;&#x930;&#x93E;&#x91A;&#x940;&#x928; &#x938;&#x93E;&#x939;&#x93F;&#x924;&#x94D;&#x92F;--&#x935;&#x948;&#x926;&#x93F;&#x915; &#x938;&#x93E;&#x939;&#x93F;&#x924;&#x94D;&#x92F;</subfield>
    <subfield code="9">94228</subfield>
  </datafield>
  <datafield tag="650" ind1=" " ind2=" ">
    <subfield code="a">&#x936;&#x93E;&#x938;&#x928; &#x92A;&#x926;&#x94D;&#x927;&#x924;&#x93F;--&#x92A;&#x94D;&#x930;&#x93E;&#x91A;&#x940;&#x928; &#x92D;&#x93E;&#x930;&#x924;</subfield>
    <subfield code="9">87018</subfield>
  </datafield>
  <datafield tag="650" ind1=" " ind2=" ">
    <subfield code="a">Ancient literature--Vedic literature</subfield>
    <subfield code="9">94229</subfield>
  </datafield>
  <datafield tag="650" ind1=" " ind2=" ">
    <subfield code="a">Governance--Ancient India</subfield>
    <subfield code="9">94230</subfield>
  </datafield>
  <datafield tag="942" ind1=" " ind2=" ">
    <subfield code="2">ddc</subfield>
    <subfield code="c">HN</subfield>
    <subfield code="h">954.01</subfield>
    <subfield code="m">&#x91C;&#x93E;&#x92F;&#x938;</subfield>
  </datafield>
  <datafield tag="999" ind1=" " ind2=" ">
    <subfield code="c">121054</subfield>
    <subfield code="d">121054</subfield>
  </datafield>
  <datafield tag="952" ind1=" " ind2=" ">
    <subfield code="0">0</subfield>
    <subfield code="1">0</subfield>
    <subfield code="4">0</subfield>
    <subfield code="7">0</subfield>
    <subfield code="a">L</subfield>
    <subfield code="b">L</subfield>
    <subfield code="d">2015-09-30</subfield>
    <subfield code="e">Cen Lib/Ret</subfield>
    <subfield code="g">275.00</subfield>
    <subfield code="l">1</subfield>
    <subfield code="o">954.01 &#x91C;&#x93E;&#x92F;&#x938;</subfield>
    <subfield code="p">A-707673</subfield>
    <subfield code="r">2017-08-28 00:00:00</subfield>
    <subfield code="s">2017-08-08</subfield>
    <subfield code="t">1</subfield>
    <subfield code="v">275.00</subfield>
    <subfield code="w">2015-09-30</subfield>
    <subfield code="y">HN</subfield>
  </datafield>
</record>
